| 000 | 00393nam a2200133Ia 4500 | ||
|---|---|---|---|
| 008 | 231129s9999||||xx |||||||||||||| ||spa|| | ||
| 020 | _a84-7634-503-8 | ||
| 040 | _bspa | ||
| 082 | _a658.4 A691t (EN PROCESO DE DESCARTE) Ej. 1 | ||
| 100 | _aArgenti John | ||
| 245 | 0 | _aTecnicas del management | |
| 264 | _aBarcelona (EspaƱa) : Orbis | ||
| 942 |
_2ddc _cBKS |
||
| 999 |
_c25095 _d25095 |
||